| Tag |
First Indicator |
Second Indicator |
Subfields |
| LEADER |
00000cam a2200000Mi 4500 |
| 001 |
in00002749021 |
| 006 |
m d |
| 007 |
cr |n|---||||| |
| 008 |
120402s2012 enk o 001 0 eng d |
| 005 |
20250816212612.6 |
| 020 |
|
|
|a 9780124159693 (electronic)
|
| 020 |
|
|
|a 0124159699 (electronic)
|
| 020 |
|
|
|z 9780124158221
|
| 020 |
|
|
|z 0124158226
|
| 035 |
|
|
|a (OCoLC)ocn782878413
|
| 035 |
|
|
|a (OCoLC)782878413
|
| 040 |
|
|
|a EBLCP
|b eng
|c EBLCP
|d OCLCQ
|d TXA
|d UtOrBLW
|
| 049 |
|
|
|a TXAM
|
| 050 |
|
4 |
|a TK7895.E42
|b W35 2012eb
|
| 100 |
1 |
|
|a Walls, Colin.
|
| 245 |
1 |
0 |
|a Embedded software :
|b the works /
|c Colin Walls.
|
| 250 |
|
|
|a 2nd ed.
|
| 264 |
|
1 |
|a Oxford :
|b Newnes,
|c 2012.
|
| 300 |
|
|
|a 1 online resource (xl, 395 pages) :
|b illustrations (some color)
|
| 336 |
|
|
|a text
|b txt
|2 rdacontent
|
| 337 |
|
|
|a computer
|b c
|2 rdamedia
|
| 338 |
|
|
|a online resource
|b cr
|2 rdacarrier
|
| 505 |
0 |
|
|a Embedded software -- Design and development -- Programming -- C Language -- C++ -- Real Time -- Real-time operating systems -- Networking -- Open source, embedded Linux, and Android -- Multicore embedded systems.
|
| 520 |
|
|
|a "For those new to the field, or for experienced engineers looking to expand their skills, Walls provides the reader with detailed tips and techniques, and rigorous explanations of technologies"--provided by publisher.
|
| 504 |
|
|
|a Includes index.
|
| 588 |
|
|
|a Description based on print version record.
|
| 500 |
|
|
|a Electronic resource.
|
| 650 |
|
0 |
|a Embedded computer systems
|x Programming.
|
| 655 |
|
4 |
|a Electronic books.
|
| 776 |
0 |
8 |
|i Print version:
|a Walls, Colin
|t Embedded Software : The Works
|d Burlington : Elsevier Science, c2012
|z 9780124158221
|
| 856 |
4 |
0 |
|u https://ebookcentral.proquest.com/lib/tamucs/detail.action?docID=872588
|y Connect to the full text of this electronic book
|t 0
|
| 948 |
|
|
|a cataloged
|b h
|c 2012/5/8
|d c
|e agaffey
|f 1:59:55 pm
|
| 994 |
|
|
|a C0
|b TXA
|
| 999 |
f |
f |
|s 72e9f9d2-f537-3d4a-a0f5-cc357d672e8f
|i 36e3e225-07a0-3c34-9db7-f3429ff82a1f
|t 0
|
| 999 |
|
|
|a MARS
|
| 952 |
f |
f |
|a Texas A&M University
|b College Station
|c Electronic Resources
|d Available Online
|t 0
|e TK7895.E42 W35 2012eb
|h Library of Congress classification
|
| 998 |
f |
f |
|a TK7895.E42 W35 2012eb
|t 0
|l Available Online
|